|
|
|
|
| LEADER |
01414nam a2200373 a 4500 |
| 001 |
EBC1114613 |
| 003 |
MiAaPQ |
| 005 |
20200520144314.0 |
| 006 |
m o d | |
| 007 |
cr cn||||||||| |
| 008 |
121029s2012 dcuab sb 001 0 eng d |
| 020 |
|
|
|z 9780821396209
|
| 020 |
|
|
|z 9780821395752
|
| 020 |
|
|
|a 9780821395769 (electronic bk.)
|
| 035 |
|
|
|a (MiAaPQ)EBC1114613
|
| 035 |
|
|
|a (Au-PeEL)EBL1114613
|
| 035 |
|
|
|a (CaPaEBR)ebr10613045
|
| 035 |
|
|
|a (CaONFJC)MIL428357
|
| 035 |
|
|
|a (OCoLC)818143155
|
| 040 |
|
|
|a MiAaPQ
|c MiAaPQ
|d MiAaPQ
|
| 050 |
|
4 |
|a HF5381
|b .J63 2012
|
| 245 |
0 |
0 |
|a Jobs
|h [electronic resource].
|
| 260 |
|
|
|a Washington, D.C. :
|b World Bank,
|c 2012.
|
| 300 |
|
|
|a xviii, 401 p. :
|b col. ill., col. maps.
|
| 440 |
|
0 |
|a World development report,
|x 0163-5085 ;
|v 2013
|
| 504 |
|
|
|a Includes bibliographical references and index.
|
| 505 |
0 |
|
|a pt. 1. Jobs are transformational -- pt. 2. What are good jobs for development? -- pt. 3. Policies through the jobs lens.
|
| 533 |
|
|
|a Electronic reproduction. Ann Arbor, MI : ProQuest, 2015. Available via World Wide Web. Access may be limited to ProQuest affiliated libraries.
|
| 650 |
|
0 |
|a Occupations.
|
| 650 |
|
0 |
|a Career development.
|
| 650 |
|
0 |
|a Vocational guidance.
|
| 655 |
|
4 |
|a Electronic books.
|
| 710 |
2 |
|
|a ProQuest (Firm)
|
| 856 |
4 |
0 |
|u https://ebookcentral.proquest.com/lib/matrademy/detail.action?docID=1114613
|z Click to View
|